A biblical administration of the church and society : nineteen textual sermons on administration of the church and fifteen textual sermons on administration of society (Record no. 22956)

MARC details
000 -LEADER
fixed length control field 00555cam a2200169 i 4500
020 ## - INTERNATIONAL STANDARD BOOK NUMBER
ISBN 9788184655582 (paperback)
020 ## - INTERNATIONAL STANDARD BOOK NUMBER
ISBN 8184655584 (paperback)
082 04 - DEWEY DECIMAL CLASSIFICATION NUMBER
Classification number 254
Author Cutter RUP
100 1# - MAIN ENTRY--AUTHOR NAME
Author name Rupwate, Daniel D.,
245 12 - TITLE STATEMENT
Title A biblical administration of the church and society : nineteen textual sermons on administration of the church and fifteen textual sermons on administration of society
260 ## - PUBLICATION, DISTRIBUTION, ETC. (IMPRINT)
Place of publication Delhi
Name of publisher ISPCK
Year of publication 2016
300 ## - PHYSICAL DESCRIPTION
Number of Pages xii, 349 pages ;
650 #0 - SUBJECT ADDED ENTRY--TOPICAL TERM
Topical Term Church management.
650 #0 - SUBJECT ADDED ENTRY--TOPICAL TERM
Topical Term Social justice
942 ## - ADDED ENTRY ELEMENTS (KOHA)
Koha item type Books
Holdings
Home library Current library Shelving location Date acquired Source of acquisition Cost, normal purchase price Full call number Accession Number Koha item type
Henry Martyn Institute Library Henry Martyn Institute Library General stacks 06/09/2020 ISPCK 450.00 254 RUP 11004409 Books
                   Copyright © 2026 | Henry Martyn Institute | Hyderabad | TS-500052 | INDIA | Implemented by hmi.edu.in
Hit-Count:

Powered by Koha